Giáo trình công nghệ sản xuất sản phẩm dệt kim : Giáo trình dùng cho sinh viên ngành Công nghệ may
保存先:
| 第一著者: | |
|---|---|
| フォーマット: | Sách |
| 言語: | Undetermined |
| 出版事項: |
Đại học Quốc gia Tp. Hồ Chí Minh
2013
|
| 主題: | |
| タグ: |
タグ追加
タグなし, このレコードへの初めてのタグを付けませんか!
|
| Thư viện lưu trữ: | Trung tâm Thư viện - Trường Đại học Công nghiệp TP. Hồ Chí Minh |
|---|
| LEADER | 00626nam a2200157Ia 4500 | ||
|---|---|---|---|
| 001 | UIH_03083 | ||
| 008 | 231011s9999 xx 000 0 und d | ||
| 082 | |a 687 | ||
| 100 | |a Trần, Thanh Hương | ||
| 245 | 0 | |a Giáo trình công nghệ sản xuất sản phẩm dệt kim : Giáo trình dùng cho sinh viên ngành Công nghệ may | |
| 245 | 0 | |c Trần, Thanh Hương | |
| 260 | |b Đại học Quốc gia Tp. Hồ Chí Minh | ||
| 260 | |c 2013 | ||
| 650 | |a May mặc; | ||
| 927 | |a Sách | ||
| 980 | |a Trung tâm Thư viện - Trường Đại học Công nghiệp TP. Hồ Chí Minh | ||